000 01091nab a22002417a 4500
999 _c5600
_d5600
003 OSt
005 20251222091451.0
008 190429b xxu||||| |||| 00| 0 spa d
040 _cPJ
100 _94528
_aGerome, Eduardo
245 1 3 _aLa estafa por medios informáticos /
_cEduardo Gerome, Luciana Govoni.
260 _cCiudad Autónoma de Buenos Aires :
_aThomson Reuters La Ley,
_b2025.
300 _ap. 157-164
500 _aCita: AR/DOC/1345/2025.
505 _aSumario: I. Introducción.— II. Análisis de la reforma.— III. Derecho comparado.— IV. Acción típica.— V. Perjuicio patrimonial.— VI. Competencia.— VII. Conclusiones.
505 _tSi te interesa el texto completo, solicitalo a koha@justierradelfuego.gov.ar
650 0 _9343
_aDERECHO PENAL
650 0 _9278
_aDELITOS INFORMATICOS
650 0 _9273
_aDERECHO INFORMATICO
700 _96578
_aGovoni, Luciana
_ecoautor
773 0 _02658
_93164
_tRevista de derecho penal y criminología. Nº 6 - Julio 2025
_dCiudad Autónoma de Buenos Aires : Thomson Reuters La Ley, 2017-
_x00347914
942 _2udc
_cANA